Mankind in the making /

Bibliographic Details
Main Author: Wells, H. G. (Herbert George), 1866-1946
Format: Book
Language:English
Published: New York : C. Scribner's sons, 1904.
Subjects:

MARC

Tag First Indicator Second Indicator Subfields
LEADER 00000cam a2200000 4500
001 in00000056619
005 20151008050342.0
008 740624s1904 nyua 00010 eng u
010 |a  04011508  
035 |a (OCoLC)00927954 
035 |9 AAG0588AM 
040 |c CWR  |d TXA  |d UtOrBLW 
049 |a TXAM  |c [3133] 
050 0 0 |a HN389  |b .W52 
092 |a 304  |b W454m 
100 1 |a Wells, H. G.  |q (Herbert George),  |d 1866-1946. 
245 1 0 |a Mankind in the making /  |c by H.G. Wells. 
264 1 |a New York :  |b C. Scribner's sons,  |c 1904. 
300 |a viii, 400 pages :  |b diagrams ;  |c 20 cm. 
336 |a text  |b txt  |2 rdacontent 
337 |a unmediated  |b n  |2 rdamedia 
338 |a volume  |b nc  |2 rdacarrier 
500 |a "These papers were first published in the British Fortnightly review and in the American Cosmopolitan."- Pref. 
505 0 |a Preface.- The new republic.- The problem of the birth supply.- Certain wholesale aspects of man-making.- The beginning of the mind and language.- The man-making forces of the modern state.- Schooling.- Political and social influences.- The cultivation of the imagination.- The organization of the higher education.- Thought in the modern state.- The man's own share.- Appendix: A paper on administrative areas read before the Fabian society.- Index. 
650 0 |a Social problems. 
650 0 |a Social sciences. 
999 |a MARS 
999 f f |s e2604e07-9d74-372a-9d03-deedc2b689a6  |i 711a1f31-0adc-331d-89a1-64ff0f3e7135  |t 0 
952 f f |p ric  |a Texas A&M University  |b Rellis Campus  |c Joint Library Facility  |d Remote Storage  |t 0  |e HN389 .W52  |h Library of Congress classification  |i unmediated -- volume  |m A14800645491 
998 f f |a HN389 .W52  |t 0  |l Remote Storage